00645cam a2200181 a 450000100100000000500170001000800410002704000380006808200200010610000440012624500380017026000410020830000210024949000740027065000200034465000230036483000760038700000459820200929151452.0790517s1985 cl 000 d spa d aDO-SdBNPcNmLcUdOCoLCdUSlWdDLC a832.6bG599faus1 aGoethe, Johann Wolfgang Von,d1749-183210aFausto /cJohann Wolfgang Goethe. aSantiago de Chile :bErcilla,c1985. a269 p. ;c18 cm.1 aBiblioteca Ercilla. Los mejores libros de la literatura universalv10 4aTeatro alemán 4aLiteratura alemana 0aBiblioteca Ercilla. Los mejores libros de la literatura universal ;v10